L'analytique transcendantale de Kant
Salvato in:
| Autore principale: | |
|---|---|
| Natura: | Libro |
| Lingua: | francese |
| Pubblicazione: |
Lovaina
Publications Universitaires de Lovain
1955
|
| Serie: | Bibliothèque Philosophique de Louvain
|
| Soggetti: | |
| Tags: |
Aggiungi Tag
Nessun Tag, puoi essere il primo ad aggiungerne!!
|
MARC
| LEADER | 00000nam a2200000 a 4500 | ||
|---|---|---|---|
| 001 | UCZ5286 | ||
| 003 | CL-VaPUC | ||
| 008 | 951117e19550000BE |||||||||||||||||fre|d | ||
| 082 | 0 | 4 | |a 141 |b CON |2 21 |
| 100 | 0 | |a Coninck, A. de |e author |9 349240 | |
| 245 | 1 | 2 | |a L'analytique transcendantale de Kant |
| 300 | |a v | ||
| 600 | 0 | |a Kant, Immanuel, |d 1724-1804 |9 858687 | |
| 942 | |c BK | ||
| 945 | |d 19951117 00:00:00 |a lriquelm | ||
| 260 | |a Lovaina |b Publications Universitaires de Lovain |c 1955 | ||
| 650 | 0 | |a Idealismo |9 265685 | |
| 650 | 0 | |a Filosofía alemana |9 265002 | |
| 650 | 0 | |a Escuelas filosóficas |9 266232 | |
| 650 | 0 | |a Fenomenología |9 256519 | |
| 650 | 0 | |a Existencialismo |9 265698 | |
| 650 | 0 | |a Teoría del conocimiento |9 255038 | |
| 583 | |a last modification |c 19951117 00:00:00 |k Rodrigo Vera | ||
| 490 | 0 | |a Bibliothèque Philosophique de Louvain | |
| 999 | |c 241605 |d 241603 | ||
| 952 | |0 0 |1 0 |4 0 |6 141_000000000000000_CON_1955 |7 0 |8 P |9 253981 |a BIBEDU |b BIBEDU |c BIBEDU_PB |d 2019-11-19 |i 1573829 |o 141 CON 1955 |p 1573829 |r 2024-01-25 |w 2019-11-19 |y BK |k FIL | ||